000 00565nam a2200205 i 4500
001 bgj
100 1 _aHASSELBLATT, Dieter.
245 1 0 _aMarija und das Tier :
_bScience-fiction-Texte /
_cDieter Hasselblatt.
260 _aFrankfurt am Main :
_bSuhrkamp,
_c1988.
300 _a341 s. :
_bil. ;
_c18 cm.
490 1 _aPhantastische Bibliothek
_vBand 209
830 _aPhantastische Bibliothek
020 _a3518380117
040 _cBPK
041 0 _ager
044 _aDEU
080 _a821.112.2-3
942 _cKS
008 s gw f |000 0 ger
999 _c50505
_d50505
856 _uhttp://koha.tu.koszalin.pl/cgi-bin/koha/opac-detail.pl?biblionumber=50505
_yKatalog online BPK